London Underground Terminus Stations - Statistics

General Stats
  • This quiz has been taken 978 times
  • The average score is 23 of 29
Answer Stats
Line End Station % Correct
Northern N Edgware
88%
Waterloo & City S Waterloo
88%
Circle W Hammersmith
87%
Northern S Morden
86%
Waterloo & City N Bank
85%
Piccadilly W Heathrow Terminal 5
85%
Victoria S Brixton
84%
Piccadilly E Cockfosters
84%
Central E Epping
84%
Jubilee E Stratford
84%
Central W Ealing Broadway
83%
Bakerloo S Elephant & Castle
83%
Jubilee W Stanmore
81%
Metropolitan E Aldgate
80%
District E Upminster
80%
Metropolitan W Amersham
79%
District W Richmond
79%
Metropolitan W Uxbridge
79%
District W Wimbledon
79%
Northern N High Barnet
77%
Victoria N Walthamstow Central
76%
Northern N Mill Hill East
75%
Hammersmith & City E Barking
74%
Metropolitan W Chesham
74%
Metropolitan W Watford
74%
Central W West Ruislip
74%
Circle E Edgware Road
71%
Bakerloo N Harrow & Wealdstone
70%
District W Kensington (Olympia)
59%
No matching quizzes found
Score Distribution
Percent of People with Each Score
Percentile by Number Answered
Your Score History
You have not taken this quiz